Statistiques concernant Les 100 plus grandes villes de Normandie sur une carte

Cliquez ici pour prendre le quiz!

Statistiques générales

  • Ce quiz a été pris 829 fois
    (162 depuis la dernière actualisation)
  • Le résultat moyen est 32 sur 100

Réponses sur la Carte

Les réponses sont colorées sur une échelle allant du rouge au vert en fonction du pourcentage des utilisateurs qui les ont devinées à leur premier essai. Vous pouvez retrouver ces pourcentages ci-dessous.
 

Statistiques - réponses

PopulationVille% Correct
108 200Caen
98%
166 058Le Havre
96%
114 083Rouen
95%
77 808Cherbourg-en-Cotentin
94%
47 289Évreux
86%
25 555Alençon
84%
28 358Dieppe
84%
19 373Saint-Lô
79%
12 775Bayeux
72%
19 807Lisieux
71%
12 581Granville
65%
10 240Avranches
63%
18 016Fécamp
63%
6 761Honfleur
63%
21 782Le Petit-Quevilly
58%
25 975Le Grand-Quevilly
57%
24 543Vernon
57%
9 331Ouistreham
54%
28 965Sotteville-lès-Rouen
53%
17 135Vire Normandie
53%
13 291Argentan
49%
14 482Flers
49%
22 227Hérouville-Saint-Clair
49%
8 353Coutances
46%
11 385Yvetot
45%
28 508Saint-Étienne-du-Rouvray
44%
15 951Elbeuf
43%
6 591Eu
42%
20 066Mont-Saint-Aignan
40%
9 622Bernay
38%
7 782Falaise
38%
9 848Pont-Audemer
37%
7 937Les Andelys
35%
6 067Franqueville-Saint-Pierre
32%
18 350Louviers
32%
10 220Carentan-les-Marais
31%
11 919Gisors
31%
11 981Ifs
31%
7 824L'Aigle
31%
10 075Mondeville
31%
6 791Valognes
30%
14 262Bois-Guillaume
29%
11 223La Hague
29%
7 288Saint-Pierre-en-Auge
29%
8 285Saint-Pierre-lès-Elbeuf
29%
12 154Barentin
28%
12 647Val-de-Reuil
28%
9 726Grand-Couronne
27%
11 635Bolbec
26%
8 961Gonfreville-l'Orcher
25%
6 122Octeville-sur-Mer
25%
8 688Petit-Couronne
25%
13 966Canteleu
23%
8 315Harfleur
23%
7 116Sainte-Adresse
23%
8 729Lillebonne
22%
15 457Montivilliers
22%
4 953Pont-l'Évêque
22%
10 745Déville-lès-Rouen
21%
5 174Dives-sur-Mer
21%
7 305Verneuil d'Avre et d'Iton
21%
11 024Maromme
20%
12 367Oissel
20%
8 199Bihorel
18%
6 157Condé-en-Normandie
18%
9 738Darnétal
18%
8 428Saint-Aubin-lès-Elbeuf
17%
5 944Gournay-en-Bray
16%
5 747Saint-Hilaire-du-Harcouët
16%
6 158Livarot-Pays-d'Auge
15%
10 135Caudebec-lès-Elbeuf
14%
5 303Fleury-sur-Orne
14%
6 801Gaillon
14%
6 455Bonsecours
13%
9 579Mézidon Vallée d'Auge
13%
5 001Pacy-sur-Eure
13%
10 387Port-Jérôme-sur-Seine
13%
4 905Conches-en-Ouche
11%
6 957Notre-Dame-de-Bondeville
11%
6 121Pavilly
11%
4 907Cléon
10%
5 097Douvres-la-Délivrande
10%
5 116La Ferté Macé
10%
7 980Le Mesnil-Esnard
10%
6 143Malaunay
10%
4 890Saint-James
10%
7 022Colombelles
9%
5 876Blainville-sur-Orne
8%
5 867Bricquebec-en-Cotentin
8%
9 625Petit-Caux
8%
5 170Cormelles-le-Royal
7%
5 530Saint-Sébastien-de-Morsent
6%
4 844Giberville
5%
4 884Tinchebray-Bocage
3%
8 745Souleuvre en Bocage
2%
6 169Thue et Mue
2%
5 990Vexin-sur-Epte
2%
5 194Le Val d'Hazey
1%
6 145Mesnils-sur-Iton
1%
5 699Valdallière
1%

Distribution des résultats

Percentile par nombre de réponses

% des personnes avec chaque résultat

Votre développement - résultats

Vous n’avez pas pris ce quiz depuis la dernière actualisation